<?xml version="1.0" encoding="UTF-8"?>
<collection xmlns="http://www.loc.gov/MARC21/slim">
 <record>
  <leader>01456pam a22003378a 4500</leader>
  <controlfield tag="001">00040921</controlfield>
  <controlfield tag="005">20180125150119.0</controlfield>
  <controlfield tag="008">150423s2013                  ||||||Viesd</controlfield>
  <datafield tag="020" ind1="#" ind2="#">
   <subfield code="c">25500</subfield>
   <subfield code="a">9786045440193</subfield>
  </datafield>
  <datafield tag="041" ind1="0" ind2="#">
   <subfield code="a">Vie</subfield>
  </datafield>
  <datafield tag="082" ind1="1" ind2="4">
   <subfield code="a">372.37</subfield>
   <subfield code="b">H411Đ</subfield>
  </datafield>
  <datafield tag="245" ind1="0" ind2="0">
   <subfield code="b">Dành cho học sinh tiểu học</subfield>
   <subfield code="n">Tập 1</subfield>
   <subfield code="a">Hoạt động trải nghiệm lớp 1</subfield>
   <subfield code="c">Nguyễn Quốc Vương (ch.b); Lê Xuân Quang, Đào Thu Vân,... [và những người khác]</subfield>
  </datafield>
  <datafield tag="260" ind1="#" ind2="#">
   <subfield code="a">Hà Nội</subfield>
   <subfield code="b">Đại học sư phạm</subfield>
   <subfield code="c">2017</subfield>
  </datafield>
  <datafield tag="300" ind1="#" ind2="#">
   <subfield code="a">27 tr.</subfield>
   <subfield code="c">27 cm.</subfield>
   <subfield code="b">minh họa màu</subfield>
  </datafield>
  <datafield tag="653" ind1="#" ind2="#">
   <subfield code="a">Tiểu học</subfield>
  </datafield>
  <datafield tag="653" ind1="#" ind2="#">
   <subfield code="a">Lớp 1</subfield>
  </datafield>
  <datafield tag="653" ind1="#" ind2="#">
   <subfield code="a">Kỹ năng sống</subfield>
  </datafield>
  <datafield tag="653" ind1="#" ind2="#">
   <subfield code="a">Giáo dục</subfield>
  </datafield>
  <datafield tag="653" ind1="#" ind2="#">
   <subfield code="a">Truyện tranh</subfield>
  </datafield>
  <datafield tag="653" ind1="#" ind2="#">
   <subfield code="a">Tổ chức</subfield>
  </datafield>
  <datafield tag="653" ind1="#" ind2="#">
   <subfield code="a">Trải nghiệm</subfield>
  </datafield>
  <datafield tag="700" ind1="1" ind2="#">
   <subfield code="a">Lê, Xuân Quang</subfield>
  </datafield>
  <datafield tag="700" ind1="1" ind2="#">
   <subfield code="a">Mai, Bá Bắc</subfield>
  </datafield>
  <datafield tag="700" ind1="1" ind2="#">
   <subfield code="a">Mai, Thị Diệp</subfield>
  </datafield>
  <datafield tag="700" ind1="1" ind2="#">
   <subfield code="a">Nguyễn, Quốc Vương</subfield>
   <subfield code="e">Chủ biên</subfield>
  </datafield>
  <datafield tag="700" ind1="1" ind2="#">
   <subfield code="a">Nguyễn, Văn Tuấn</subfield>
  </datafield>
  <datafield tag="700" ind1="1" ind2="#">
   <subfield code="a">Đào, Thu Vân</subfield>
  </datafield>
  <datafield tag="700" ind1="1" ind2="#">
   <subfield code="a">Văn, Thị Linh</subfield>
  </datafield>
  <datafield tag="852" ind1="#" ind2="#">
   <subfield code="j">KD.0023273</subfield>
   <subfield code="j">KGT.0053748</subfield>
   <subfield code="j">KGT.0053749</subfield>
   <subfield code="j">KGT.0053750</subfield>
   <subfield code="j">KGT.0053751</subfield>
   <subfield code="j">KGT.0053752</subfield>
   <subfield code="j">KGT.0053753</subfield>
   <subfield code="j">KGT.0053754</subfield>
   <subfield code="j">KGT.0053755</subfield>
   <subfield code="j">KGT.0053756</subfield>
   <subfield code="j">KGT.0053757</subfield>
   <subfield code="j">KGT.0053758</subfield>
   <subfield code="j">KGT.0053759</subfield>
   <subfield code="j">KGT.0053760</subfield>
   <subfield code="j">KGT.0053761</subfield>
   <subfield code="j">KGT.0053762</subfield>
   <subfield code="j">KGT.0053763</subfield>
   <subfield code="j">KGT.0053764</subfield>
   <subfield code="j">KGT.0053765</subfield>
   <subfield code="j">KGT.0053766</subfield>
  </datafield>
  <datafield tag="910" ind1=" " ind2=" ">
   <subfield code="d">25/01/2018</subfield>
  </datafield>
  <datafield tag="980" ind1="#" ind2="#">
   <subfield code="a">Trung tâm Học liệu Lê Vũ Hùng, Trường Đại học Đồng Tháp</subfield>
  </datafield>
 </record>
</collection>
